000 00347nam a2200157Ia 4500
008 210210b1961 xxu||||| |||| 00| 0 eng d
041 _aeng
082 _a825/175
100 _aCHASE (R)
245 _aWalt Whitman
260 _aMinneapolis
_b-
_c1961
650 _aWhitman
650 _aWalt
690 _aEnglish Criticism
906 _a014492
999 _c133675
_d133675